Bilecik Bilecik Bilecik Bilecik Bilecik

Taze balıkta kalite ve kalite değişimleri = (Record no. 51480)

MARC details
000 -BAŞLIK
Sabit Uzunluktaki Kontrol Alanı 01375nam a22003737a 4500
001 - KONTROL NUMARASI
Control Dosyası 0051660
003 - KONTROL NUMARASI KİMLİĞİ
Kontrol Alanı KOHA_MİRAKIL
005 - EN SON İŞLEM TARİHİ ve ZAMANI
Kontrol Alanı 20260207003813.0
007 - FİZİKSEL TANIM SABİT ALAN - GENEL BİLGİ
Sabit uzunluklu kontrol alanı ta
008 - SABİT UZUNLUKTAKİ VERİ ÖGELERİ - GENEL BİLGİ
Sabit Alan 150629b2007 tu |||gr||||#||||0|tur |
020 ## - ISBN - ULUSLARARASI STANDART KİTAP NUMARASI
Isbn 9786053950387
040 ## - KATALOGLAMA KAYNAĞI
Özgün Kataloglama Kurumu TR-BiSEU
Kataloglama Dili tur
Çeviri Kurumu TR-BiSEU
Açıklama Kuralları rda
041 0# - DİL KODU
Metin ya da ses kaydının dil kodu tur
044 ## - YAYINLAYAN/ÜRETEN KURULUŞUN ÜLKE KODU
ISO country code tu
050 ## - SINIFLAMA ve YER NUMARASI
Sınıflama Numarası SH335.5
Yer Numarası .T39 2007
240 10 - TEK BİÇİM BAŞLIK
Language of a work Türkçe
240 10 - TEK BİÇİM BAŞLIK
Tekbiçim Başlık <a href="quality and quality changes in fresh fish">quality and quality changes in fresh fish</a>
Language of a work Türkçe
245 0# - ESER ADI BİLDİRİMİ
Başlık Taze balıkta kalite ve kalite değişimleri =
Alt Eseradı vb. quality and quality changes in fresh fish/
Sorumluluk Bildirimi Editör H.H. Huss ; çevirenler Mehmet Çelik, Aygül Küçükgülmez.
264 #1 - ÜRERİM, YAYIN, DAĞITIM ve TELİF BİLDİRİMİ
Yayın yeri Ankara :
Yayınlayan Nobel Yayın Dağıtım
Yayın tarihi 2007
300 ## - FİZİKSEL TANIMLAMA
Sayfa, Cilt vb. 195 sayfa ;
Boyutları 30 cm.
336 ## - İÇERİK TÜRÜ
Content type term metin
Content type code txt
Source rdacontent
337 ## - MEDYA TÜRÜ
Media type term aracısız
Media type code n
Source rdamedia
338 ## - TAŞIYICI TÜRÜ
Carrier type term cilt
Carrier type code nc
Source rdacarrier
490 1# - DİZİ BİLDİRİMİ
Dizi Bildirimi Nobel yayın no ;
Cilt Numarası 1240.
490 1# - DİZİ BİLDİRİMİ
Dizi Bildirimi Fen Bilimleri ;
Cilt Numarası 62
500 ## - GENEL NOT
Genel Not Dizin var.
500 ## - GENEL NOT
Genel Not Kaynakça var.
500 ## - GENEL NOT
Genel Not Özgün adı: Fresh fish--quality and quality changes : a training manual prepared for the FAO/DANIDA Training Programme on Fish Technology and Quality Control.
650 #0 - KONU BAŞLIĞI EK GİRİŞ - KONU TERİMİ
Konusal terim veya coğrafi ad Fishery products--Quality control.
9 (RLIN) 96240
650 #0 - KONU BAŞLIĞI EK GİRİŞ - KONU TERİMİ
Konusal terim veya coğrafi ad Fishery processing--Quality control.
9 (RLIN) 96241
830 1# - SERİ EK GİRİŞİ - TEKBİÇİM ESER ADI
Tekbiçim Başlık Nobel yayın no ;
Volume number/sequential designation 1240.
9 (RLIN) 1940
830 1# - SERİ EK GİRİŞİ - TEKBİÇİM ESER ADI
Tekbiçim Başlık Fen Bilimleri ;
Volume number/sequential designation 62
9 (RLIN) 49902
942 ## - EK GİRİŞ ÖGELERİ (KOHA)
Source of classification or shelving scheme Library of Congress Classification
Koha item type Book
Holdings
Materyal Türü Kalıcı Konum Mevcut Konum Raf Yeri Sınıflandırma Kaynağı Edinim Bilgisi Ana Konular Alt Konular Yer Numarası Demirbaş Numarası Fatura Tarihi Maliyet, Alış Fiyatı Maliyet, Yenileme Fiyatı Geri Çekilme Durumu Kayıp Durumu Hasarlı Durumu Kredi için değil Kayıt Tarih Toplam Ödünçverme Son Görülme Tarihi Son Kontrol Tarihi Satın Alma Notu
Book Prof. Dr. Azmi Özcan Kütüphanesi Prof. Dr. Azmi Özcan Kütüphanesi Birûni Salonu Library of Congress Classification Satın TARIM Su Ürünleri Yetiştiriciliği, Balıkçılık, Olta Balıkçılığı SH335.5 .T39 2007 0051660 07/07/2015 15.51 15.51         29/06/2015   05/12/2024 05/12/2024 B-984687 - B-984797